000 00757nam a2200253 a 4500
001 25761
003 CO-ViMGA
008 141112s2004 ck r 000 u spa d
020 _a9789583802119
040 _aCO-ViMGA
_bspa
_cCO-ViMGA
041 _aSPA
090 _aP PUE3
245 1 0 _aPuertas abiertas :
_bantología de poesía centroAméricana /
_cselección y prólogo Sergio Ramírez
250 _a1a ed.
260 _aBogotá :
_bFondo de Cultura Económica,
_c2013
300 _a479 p.
490 _aTierra firme
500 _aIncluye índice
650 1 4 _aLITERATURA CENTROAméricaNA
_939810
650 1 4 _aPOESIA - COLECCIONES
650 1 4 _aPOESIA CENTROAméricaNA
_939811
700 1 _aRamírez, Sergio, 1942 -
_939812
942 _2ddc
_cBK
999 _c5327
_d5327